000 00340nam a2200157Ia 4500
008 210210b1927 xxu||||| |||| 00| 0 eng d
041 _aeng
082 _a940/74
100 _aFOX (Frank)
245 _aItaly today
260 _aLondon
_b-
_c1927
650 _atoday
650 _aItaly
690 _aEuropean History
906 _a025144
999 _c150993
_d150993